000 00342nam a2200133Ia 4500
008 240624s9999 xx 000 0 und d
041 _aeng
082 _a300 FRA
100 _aTHE ECONOMIST
245 _a20 MEGACHANGE 50 THE WORLD IN 2050
260 _c2012
_aNew Delhi
_bViva Books
300 _axv, : 304 : p. : cm. ; 21
365 _cRS
_b32
999 _c19564
_d19564